[Event "Challenge"]
[Site "http://www.queenalice.com/game.php?id=553707"]
[Date "2009.3.10"]
[Round "-"]
[White "stephen6"]
[Black "HydraRancher"]
[Result "0-1"]
[WhiteElo "940"]
[BlackElo "1500"]

1. e4 e5 2. Nf3 Nc6 3. Bb5 d6 4. O-O Nf6 5. Re1 Bd7 6. a4 d5 7. exd5 Nxd5 8.
Nxe5 Be7 9. d4 O-O 10. Nc3 Nxc3 11. bxc3 Bf6 12. Nxc6 bxc6 0-1

[Event "Challenge"]
[Site "http://www.queenalice.com/game.php?id=555298"]
[Date "2009.3.13"]
[Round "-"]
[White "prenzier"]
[Black "HydraRancher"]
[Result "0-1"]
[WhiteElo "1039"]
[BlackElo "1500"]

1. e4 e5 2. Bc4 d6 3. Qf3 Nf6 4. d3 Bg4 5. Qg3 Be7 6. Nc3 O-O 7. Bd2 Nc6 8. f3
Bh5 9. O-O-O Nd4 10. Qf2 Qd7 11. Nge2 Nxe2+ 12. Qxe2 c6 13. g4 Bg6 14. g5 Nh5
15. h4 Ng3 16. Qg2 Nxh1 17. Qxh1 b5 0-1

[Event "Challenge"]
[Site "http://www.queenalice.com/game.php?id=555845"]
[Date "2009.3.14"]
[Round "-"]
[White "HydraRancher"]
[Black "greenee"]
[Result "1-0"]
[WhiteElo "1500"]
[BlackElo "993"]

1. d4 d5 2. c4 Nf6 3. Nc3 Nc6 4. Nf3 g6 5. Bg5 Ne4 6. e3 b6 7. Nxd5 Ba6 8. Bd3
e6 9. Bxd8 Rxd8 10. Nxc7+ Kd7 11. Nxa6 Nd6 12. O-O Be7 13. c5 Nc8 14. Bb5 Bxc5
15. dxc5+ Nd6 16. Bxc6+ Kxc6 17. Ne5+ Kb7 18. cxd6 Rd7 19. Nxd7 Rd8 20. Ndb8
Rxb8 21. Nxb8 Kxb8 22. d7 Kb7 23. d8=Q Ka6 24. Qa4+ Kb7 25. Qdd7+ Kb8 26. Qaxa7#
1-0

[Event "AUTO-INT-1364"]
[Site "http://www.queenalice.com/game.php?id=613463"]
[Date "2009.7.4"]
[Round "1"]
[White "HydraRancher"]
[Black "dwrogers"]
[Result "0-1"]
[WhiteElo "1457"]
[BlackElo "1626"]

1. d4 e6 2. Bf4 Bd6 3. Bxd6 cxd6 4. e3 Nf6 5. Bc4 Ne4 6. Nf3 d5 7. Bd3 Qa5+ 8.
c3 O-O 9. O-O Nc6 10. Na3 f6 11. Qb3 e5 12. Rfe1 Ne7 13. dxe5 fxe5 14. Nxe5 Nxf2
0-1

[Event "AUTO-INT-1364"]
[Site "http://www.queenalice.com/game.php?id=613464"]
[Date "2009.7.4"]
[Round "1"]
[White "dwrogers"]
[Black "HydraRancher"]
[Result "1-0"]
[WhiteElo "1635"]
[BlackElo "1436"]

1. e4 e5 2. Bc4 Bc5 3. Qf3 Nf6 4. d3 d6 5. Bg5 Nbd7 6. Nc3 O-O 7. O-O-O h6 8.
Bxf6 Qxf6 9. Qxf6 Nxf6 10. h3 Bxf2 11. Nf3 a5 12. Rdf1 Be3+ 13. Kb1 c6 14. Re1
Bc5 15. Na4 1-0

[Event "Challenge"]
[Site "http://www.queenalice.com/game.php?id=673724"]
[Date "2009.10.28"]
[Round "-"]
[White "brucce"]
[Black "HydraRancher"]
[Result "0-1"]
[WhiteElo "1067"]
[BlackElo "1427"]

1. d4 d5 2. e4 e6 3. Nh3 Nf6 4. exd5 exd5 5. Bb5+ c6 6. Qe2+ Be7 7. Ba4 O-O 8.
Ng5 Nbd7 9. Na3 Nb6 10. Bb3 Bf5 11. Qf3 Be4 12. Nxe4 Nxe4 13. c4 dxc4 14. Bc2
Re8 15. Qxe4 Bxa3 16. Qe2 Rxe2+ 17. Kxe2 Bb4 18. a3 Ba5 19. b4 Qxd4 20. Be3 Qg4+
21. f3 Qxg2+ 0-1

[Event "AUTO-INT-1555"]
[Site "http://www.queenalice.com/game.php?id=701351"]
[Date "2009.12.21"]
[Round "1"]
[White "soutricolor2007"]
[Black "HydraRancher"]
[Result "1-0"]
[WhiteElo "1635"]
[BlackElo "1448"]

1. e4 e5 2. Nf3 Nc6 3. Bb5 Nf6 4. Bxc6 dxc6 5. O-O Bd6 6. d3 Bg4 7. Bg5 O-O 8.
h3 Bxf3 9. Qxf3 Be7 10. Nc3 b5 11. a3 a6 12. Bxf6 Bxf6 13. Ne2 c5 14. Qe3 1-0

[Event "AUTO-INT-1555"]
[Site "http://www.queenalice.com/game.php?id=701352"]
[Date "2009.12.21"]
[Round "1"]
[White "HydraRancher"]
[Black "soutricolor2007"]
[Result "0-1"]
[WhiteElo "1437"]
[BlackElo "1644"]

1. d4 d5 2. c4 dxc4 3. a4 Nf6 4. e3 Bg4 5. Nf3 Bxf3 6. Qxf3 Qd5 7. Qxd5 c6 8.
Qxc4 Ne4 9. Bd3 Nf6 10. O-O e6 11. b4 a6 12. e4 Nbd7 13. e5 Nd5 0-1

[Event "AUTO-INT-1555"]
[Site "http://www.queenalice.com/game.php?id=701367"]
[Date "2009.12.21"]
[Round "1"]
[White "cristiane4"]
[Black "HydraRancher"]
[Result "1-0"]
[WhiteElo "1833"]
[BlackElo "1429"]

1. d4 d5 2. c4 e6 3. e3 Bb4+ 4. Nc3 Nf6 5. Nf3 O-O 6. Bd2 Nc6 7. a3 Bxc3 8. bxc3
Re8 9. cxd5 Nxd5 10. Bb5 f6 11. O-O a6 12. Ba4 b5 13. Bc2 e5 14. dxe5 Nxe5 15.
Bb3 Nxf3+ 16. Qxf3 Be6 17. Rad1 c6 18. Bc1 Qa5 19. e4 Nxc3 20. Bxe6+ Rxe6 21.
Bd2 Qxa3 22. Bxc3 c5 23. Rd7 b4 24. Qg4 g6 25. Qxe6+ Kh8 26. Bxf6# 1-0

[Event "AUTO-INT-1555"]
[Site "http://www.queenalice.com/game.php?id=701368"]
[Date "2009.12.21"]
[Round "1"]
[White "HydraRancher"]
[Black "cristiane4"]
[Result "0-1"]
[WhiteElo "1429"]
[BlackElo "1860"]

1. d4 d5 2. c4 c6 3. Nf3 Nf6 4. e3 Bg4 5. Be2 e6 6. O-O Bd6 7. Nc3 O-O 8. c5 Bc7
9. Qc2 Nbd7 10. Qb3 b5 11. cxb6 axb6 12. a4 h6 13. Qc2 c5 14. h3 Bf5 15. Bd3
Bxd3 16. Qxd3 c4 17. Qc2 Nh7 18. Bd2 Ndf6 19. b3 cxb3 20. Qxb3 Qd6 21. Nb5 Qd7
22. Nxc7 Qxc7 23. Bb4 Rfc8 24. Rfc1 Qd7 25. Ne5 Qd8 26. Rxc8 Rxc8 0-1